000 00880nam a22003013u 4500
001 DHIM2026021613580047
003 RU-10907106
005 20260219083048.0
007 tu
008 260216s2011 ru ||| |||| 000 0 rus d
020 _9978-5-93680-461-8
_a9785936804618
040 _aRU-10907106
_bger
_cRU-10907106
041 _arus
100 1 _4aut
_aMarkov, E. L.
_qMarkov, Evgenij L'vovič
_968444
245 0 _aMuzej mirovoj istrorii
264 1 _aNal'čik
_bIzdatel'stvo M. i V. Kotljarovych (OOO "Poligrafservis i T")
_c2011
300 _a496 Seiten
336 _2rdacontent
_aText
_btxt
337 _2rdamedia
_aOhne Hilfsmittel zu benutzen
_bn
338 _2rdacarrier
_aBand
_bnc
490 0 _aKavkaz
_vIX
650 _aEthnologie
650 _aArchäologie
_94618
650 _aReisebericht
651 _aGeorgien
651 _aKaukasus
942 _2z
_cMG
999 _c73726
_d73726